Environmental design (Record no. 105826)
[ view plain ]
| 000 -LEADER | |
|---|---|
| fixed length control field | 01144cam a2200289 4500 |
| 001 - CONTROL NUMBER | |
| control field | ##L134876 |
| 008 - FIXED-LENGTH DATA ELEMENTS--GENERAL INFORMATION | |
| fixed length control field | 060907n2006 000 0 eng u |
| 020 ## - INTERNATIONAL STANDARD BOOK NUMBER | |
| International Standard Book Number | 1903287669 |
| 035 ## - SYSTEM CONTROL NUMBER | |
| System control number | (Sirsi) u134876 |
| 041 0# - LANGUAGE CODE | |
| Language code of text/sound track or separate title | eng |
| 050 04 - LIBRARY OF CONGRESS CALL NUMBER | |
| Classification number | 697 $2 18 |
| 110 2# - MAIN ENTRY--CORPORATE NAME | |
| Corporate name or jurisdiction name as entry element | Chartered Institution of Building Services Engineers |
| 9 (RLIN) | 2360 |
| 245 00 - TITLE STATEMENT | |
| Title | Environmental design |
| Remainder of title | CIBSE guide A |
| 250 ## - EDITION STATEMENT | |
| Edition statement | 7th ed. |
| 260 ## - PUBLICATION, DISTRIBUTION, ETC. | |
| Place of publication, distribution, etc. | London |
| Name of publisher, distributor, etc. | CIBSE |
| Date of publication, distribution, etc. | 2006 |
| 300 ## - PHYSICAL DESCRIPTION | |
| Extent | 1v. |
| Other physical details | ill. |
| Dimensions | 30cm. + |
| Accompanying material | 1 CD-ROM |
| 350 ## - PRICE (NR) (BK AM CF MU VM SE) [OBSOLETE] | |
| Price | 95.40 |
| 490 #0 - SERIES STATEMENT | |
| Series statement | CIBSE Guide |
| Volume/sequential designation | A |
| 505 2# - FORMATTED CONTENTS NOTE | |
| Formatted contents note | Environmental criteria for design -- External design data -- Thermal properties of building structures -- Ventilation and air infiltration -- Thermal response and plant sizing -- Internal heat gains -- Moisture transfer and condensation -- Health issues |
| 520 ## - SUMMARY, ETC. | |
| Summary, etc. | Offers guidance for designers of low energy sustainable buildings. Updated to take account of recent legislative changes and the latest research and best practice. |
| 590 ## - LOCAL NOTE (RLIN) | |
| Local note | IKA171006 |
| 651 #4 - SUBJECT ADDED ENTRY--GEOGRAPHIC NAME | |
| Geographic name | United Kingdom |
| Chronological subdivision | |
| 690 ## - LOCAL SUBJECT ADDED ENTRY--TOPICAL TERM (OCLC, RLIN) | |
| Topical term or geographic name as entry element | Block management |
| 9 (RLIN) | 6220 |
| 700 1# - ADDED ENTRY--PERSONAL NAME | |
| Personal name | Butcher, Ken |
| Relator term | Editor |
| 942 ## - ADDED ENTRY ELEMENTS (KOHA) | |
| Suppress in OPAC | 0 |
| Withdrawn status | Lost status | Source of classification or shelving scheme | Damaged status | Not for loan | Home library | Current library | Shelving location | Date acquired | Cost, normal purchase price | Total Checkouts | Full call number | Barcode | Date last seen | Date last checked out | Copy number | Cost, replacement price | Price effective from | Koha item type |
|---|---|---|---|---|---|---|---|---|---|---|---|---|---|---|---|---|---|---|
| Dewey Decimal Classification | London | London | Basement | 02/10/2006 | 95.40 | 7 | F697 CHA | 30073309 | 06/08/2019 | 23/02/2009 | 1 | 95.40 | 06/08/2019 | Book |